zpět

Detail výsledku týmu

Bowling Darts Rubín, Brno

Datum a čas kvízu

27.5 Celkem bodů Celkový počet nahraných bodů na tomto kvízu bez doplňovacích otázek.
4. Pořadí na kvízu Konečné umístění týmu na tomto kvízu.

Zaznamenané odpovědi

# Otázka Odpověď Body Výsledky
1. Symbolický poslední vozík s tu... Lazy 1
2. O tom, že Pláničkova metoda zv... Pomocí virtuální reality. 1
3. Na televizní obrazovky se vrac... Hana 0
4. Francouzská skupina LVMH (Moët... Tiffany (& Co.) 1
5. Biatlonová sezona byla zahájen... Dorothea Wiererová 1
6. V tomto tématu se podíváme na... A) pestík 1
7. Časopis Květy je zřejmě nejsta... A 1
8. Nestorka českého ženského teni... Peschke 1
9. Z následujících rostlin vybert... D 1
10. Zřejmě nejslavnější českou fil... dědeček vycinkal 0